000 00313nam a2200121Ia 4500
008 240719s9999 xx 000 0 und d
041 _aeng
082 _a920 RAI
100 _aRai, Vinod
245 _aNot Just A Nightwatchman: My Innings In The BCCI
260 _aNew Delhi
_bRupa
_c2022
300 _a221 P.; 22 Cm.
999 _c41146
_d41146